000 01538cam a2200409 a 4500
999 _c8068
_d8068
001 17041453
003 OSt
005 20230124150813.0
008 111109s2011 enka b 001 0 eng c
010 _a 2011499633
016 7 _a101569204
_2DNLM
020 _a9781853157943
020 _a1853157945
035 _a(OCoLC)ocn755056473
040 _aNLM
_beng
_cNLM
_dCDX
_dDLC
042 _apcc
050 0 0 _aR723.7
_b.S97 2011
060 0 0 _a2011 J-195
060 1 0 _aWB 102
082 0 0 _aW20.5 587k 2011
_223
245 0 0 _aSystematic reviews to support evidence-based medicine :
_bhow to review and apply findings of healthcare research /
_cKalid Khan ... [et al.].
250 _a2nd ed.
260 _aLondon :
_bHodder Annold,
_c2011.
300 _axiii, 201 p. :
_bill. ;
_c24 cm.
504 _aIncludes bibliographical references and index.
650 0 _aEvidence-based medicine.
_92743
650 1 2 _aEvidence-Based Medicine.
_92743
650 2 2 _aPractice Guidelines as Topic.
_916425
650 2 2 _aReview Literature as Topic.
_916426
700 1 _aKhan, Khalid Saeed.
_916427
710 2 _aRoyal Society of Medicine (Great Britain)
_91948
856 4 2 _3Publisher description
_uhttp://www.loc.gov/catdir/enhancements/fy1206/2011499633-d.html
856 4 2 _3Contributor biographical information
_uhttp://www.loc.gov/catdir/enhancements/fy1302/2011499633-b.html
906 _a7
_bcbc
_cpccadap
_d2
_encip
_f20
_gy-gencatlg
942 _2z
_cO_SHELF